The cheltenham classification : (Record no. 133725)

MARC details
000 -LEADER
fixed length control field 00702nam a22002417a 4500
005 - DATE AND TIME OF LATEST TRANSACTION
control field 20170124110214.0
010 ## - LIBRARY OF CONGRESS CONTROL NUMBER
LC control number 142012
020 ## - INTERNATIONAL STANDARD BOOK NUMBER
Terms of availability 00.00
035 ## - SYSTEM CONTROL NUMBER
System control number 142012
037 ## - SOURCE OF ACQUISITION
Source of stock number/acquisition Cen Lib/Ret
040 ## - CATALOGING SOURCE
Original cataloging agency DPL
Language of cataloging EN
082 ## - DEWEY DECIMAL CLASSIFICATION NUMBER
Classification number 025.4
Item number FEG
100 ## - MAIN ENTRY--PERSONAL NAME
Personal name Fegan, E. S.
9 (RLIN) 72205
245 ## - TITLE STATEMENT
Title The cheltenham classification :
Statement of responsibility, etc by Ethel S Fegan [and] M. Cant
Remainder of title a library classification for schools /
260 ## - PUBLICATION, DISTRIBUTION, ETC. (IMPRINT)
Name of publisher, distributor, etc W. Heffer and Sons
Place of publication, distribution, etc Cambridge
Date of publication, distribution, etc 1958
270 ## - ADDRESS
City Cambridge
300 ## - PHYSICAL DESCRIPTION
Extent 91p.
Dimensions 23cm(Hb)
500 ## - GENERAL NOTE
General note Includes index
650 ## - SUBJECT ADDED ENTRY--TOPICAL TERM
Topical term or geographic name as entry element Classification--Books
9 (RLIN) 72206
650 ## - SUBJECT ADDED ENTRY--TOPICAL TERM
Topical term or geographic name as entry element Classification
9 (RLIN) 72207
700 ## - ADDED ENTRY--PERSONAL NAME
Personal name Cant, M.
9 (RLIN) 38747
942 ## - ADDED ENTRY ELEMENTS (KOHA)
Source of classification or shelving scheme Dewey Decimal Classification
Koha item type English Books
Classification part 025.4
Call number suffix FEG
Holdings
Withdrawn status Lost status Damaged status Not for loan Collection code Home library Current library Date acquired Source of acquisition Cost, normal purchase price Total Checkouts Full call number Barcode Date last seen Copy number Cost, replacement price Price effective from Koha item type
      Not For Loan Reference Central Library Central Library 27/07/2015 Cen Lib/Ret 0.00   025.4 FEG 142012 27/07/2015 1 0.00 27/07/2015 English Books

© Delhi Public Library
Hit Counter
free hit counter